Statistics for US Presidents Born Before the Declaration of Independence

Click here to take the quiz!

General Stats

  • This quiz has been taken 85 times
  • The average score is 8 of 9

Answer Stats

Answer % Correct
George Washington
100%
John Adams
97%
Thomas Jefferson
97%
John Quincy Adams
97%
James Madison
96%
James Monroe
94%
Andrew Jackson
90%
Martin Van Buren
82%
William Henry Harrison
78%

Score Distribution

Percentile by Number Answered

Percent of People with Each Score

Your Score History

You have not taken this quiz